Collecting world coins : (Record no. 587825)

000 -LEADER
fixed length control field 00483nam a22001577a 4500
020 ## - INTERNATIONAL STANDARD BOOK NUMBER
International Standard Book Number 9781440244605
040 ## - CATALOGING SOURCE
Transcribing agency NUST
082 ## - DEWEY DECIMAL CLASSIFICATION NUMBER
Classification number 737.4 COL
100 ## - MAIN ENTRY--PERSONAL NAME
Personal name Čuhaj, George S.
9 (RLIN) 89421
110 ## - MAIN ENTRY--CORPORATE NAME
Corporate name or jurisdiction name as entry element Michael, Thomas
9 (RLIN) 88963
245 ## - TITLE STATEMENT
Title Collecting world coins :
Remainder of title standard catalog of circulating coinage .1901-present
250 ## - EDITION STATEMENT
Edition statement 15th
260 ## - PUBLICATION, DISTRIBUTION, ETC.
Place of publication, distribution, etc. USA:
Name of publisher, distributor, etc. Krause Publications,
Date of publication, distribution, etc. 2015.
650 ## - SUBJECT ADDED ENTRY--TOPICAL TERM
Topical term or geographic name entry element Coins -- Collectors and collecting. Coins -- Prices.
9 (RLIN) 89422
942 ## - ADDED ENTRY ELEMENTS (KOHA)
Source of classification or shelving scheme
Koha item type Book
Holdings
Withdrawn status Lost status Source of classification or shelving scheme Damaged status Not for loan Permanent Location Current Location Shelving location Date acquired Full call number Barcode Date last seen Price effective from Koha item type
          College of Electrical & Mechanical Engineering (CEME) College of Electrical & Mechanical Engineering (CEME) General Stacks 02/10/2022 737.4 COL (KIDS SEC) CEME-50535 02/10/2022 02/10/2022 Book
© 2023 Central Library, National University of Sciences and Technology. All Rights Reserved.